Les 100 plus gros Transferts de la Serie A (Départs) - Statistiques

Statistiques générales
  • Ce quiz a été pris 1 052 fois
    206 depuis la dernière actualisation
  • Le résultat moyen est 49 sur 100
Statistiques - réponses
Rang Saison Club de Départ
Club d'Arrivée
Montant Réponse % Correct
1 21/22 Inter Milan Chelsea FC 113 000 000 € Romelu Lukaku
93%
2 16/17 Juventus Turin Manchester United 105 000 000 € Paul Pogba
92%
5 01/02 Juventus Turin Real Madrid 77 500 000 € Zinédine Zidane
90%
3 16/17 SSC Naples Juventus Turin 90 000 000 € Gonzalo Higuain
89%
8 09/10 Inter Milan FC Barcelone 69 500 000 € Zlatan Ibrahimovic
86%
13 13/14 SSC Naples Paris SG 64 500 000 € Edinson Cavani
85%
4 21/22 ACF Fiorentina Juventus Turin 83 500 000 € Dusan Vlahovic
84%
11 09/10 AC Milan Real Madrid 67 000 000 € Kaka
84%
16 23/24 AC Milan Newcastle United 58 900 000 € Sandro Tonali
83%
14 18/19 AS Rome FC Liverpool 62 500 000 € Alisson
82%
7 24/25 SSC Naples Paris SG 70 000 000 € Khvicha Kvaratskhelia
82%
9 21/22 Inter Milan Paris SG 68 000 000 € Achraf Hakimi
80%
12 19/20 Juventus Turin Manchester City 65 000 000 € Joao Cancelo
79%
20 01/02 AC Parme Juventus Turin 52 880 000 € Gianluigi Buffon
78%
6 23/24 Atalanta BC Manchester United 73 900 000 € Rasmus Hojlund
78%
35 17/18 AS Rome FC Liverpool 42 000 000 € Mohamed Salah
77%
28 02/03 Inter Milan Real Madrid 45 000 000 € Ronaldo
77%
15 20/21 Juventus Turin FC Barcelone 60 000 000 € Miralem Pjanic
76%
65 15/16 AS Rome Juventus Turin 32 000 000 € Miralem Pjanic
76%
41 15/16 US Palerme Juventus Turin 41 000 000 € Paulo Dybala
73%
38 11/12 US Palerme Paris SG 42 000 000 € Javier Pastore
70%
10 22/23 Juventus Turin Bayern Munich 67 000 000 € Matthijs de Ligt
70%
23 23/24 SSC Naples Bayern Munich 50 000 000 € Min-jae Kim
70%
37 12/13 AC Milan Paris SG 42 000 000 € Thiago Silva
70%
30 22/23 ACF Fiorentina Juventus Turin 44 600 000 € Federico Chiesa
69%
17 18/19 SSC Naples Chelsea FC 57 000 000 € Jorginho
69%
24 20/21 Inter Milan Paris SG 50 000 000 € Mauro Icardi
68%
27 24/25 FC Bologne Arsenal FC 45 000 000 € Riccardo Calafiori
67%
91 11/12 Inter Milan Anzhi Makhachkala 27 000 000 € Samuel Eto'o
66%
76 12/13 SSC Naples Paris SG 30 000 000 € Ezequiel Lavezzi
65%
22 23/24 Inter Milan Manchester United 50 200 000 € André Onana
63%
33 24/25 FC Bologne Manchester United 42 500 000 € Joshua Zirkzee
63%
36 17/18 Juventus Turin AC Milan 42 000 000 € Leonardo Bonucci
63%
59 18/19 AC Milan Juventus Turin 35 000 000 € Leonardo Bonucci
63%
54 01/02 AC Parme Juventus Turin 36 150 000 € Lilian Thuram
61%
40 01/02 ACF Fiorentina AC Milan 41 320 000 € Rui Costa
61%
25 22/23 Torino FC Juventus Turin 46 900 000 € Bremer
60%
19 24/25 Atalanta BC Juventus Turin 54 700 000 € Teun Koopmeiners
58%
39 22/23 SSC Naples Chelsea FC 41 900 000 € Kalidou Koulibaly
56%
42 23/24 Lazio Rome Al Hilal 40 000 000 € Sergej Milinkovic-Savic
56%
21 22/23 Atalanta BC Tottenham Hotspur 52 000 000 € Cristian Romero
55%
66 19/20 Genoa CFC Juventus Turin 31 500 000 € Cristian Romero
55%
18 00/01 AC Parme Lazio Rome 56 810 000 € Hernan Crespo
53%
44 02/03 Lazio Rome Inter Milan 40 000 000 € Hernan Crespo
53%
99 03/04 Inter Milan Chelsea FC 26 000 000 € Hernan Crespo
53%
31 06/07 AC Milan Chelsea FC 43 880 000 € Andriy Shevchenko
51%
45 15/16 Juventus Turin Bayern Munich 39 250 000 € Arturo Vidal
48%
67 13/14 AS Rome Paris SG 31 400 000 € Marquinhos
48%
98 11/12 Udinese Calcio FC Barcelone 26 000 000 € Alexis Sanchez
47%
46 19/20 Atalanta BC Juventus Turin 39 000 000 € Dejan Kulusevski
47%
71 23/24 Juventus Turin Tottenham Hotspur 30 000 000 € Dejan Kulusevski
47%
52 23/24 US Sassuolo Juventus Turin 36 400 000 € Manuel Locatelli
47%
63 20/21 Cagliari Calcio Inter Milan 32 500 000 € Nicolo Barella
45%
26 99/00 Lazio Rome Inter Milan 46 480 000 € Christian Vieri
44%
87 19/20 Juventus Turin FC Everton 27 500 000 € Moise Kean
44%
29 01/02 Lazio Rome Juventus Turin 45 000 000 € Pavel Nedved
44%
53 01/02 Juventus Turin AC Milan 36 150 000 € Filippo Inzaghi
43%
50 15/16 Inter Milan Real Madrid 38 000 000 € Mateo Kovacic
43%
32 01/02 Lazio Rome Manchester United 42 600 000 € Juan Sebastian Veron
41%
77 99/00 AC Parme Lazio Rome 30 000 000 € Juan Sebastian Veron
41%
62 17/18 UC Sampdoria Inter Milan 34 000 000 € Milan Skriniar
39%
47 22/23 US Sassuolo West Ham United 38 600 000 € Gianluca Scamacca
38%
79 10/11 Inter Milan Manchester City 29 500 000 € Mario Balotelli
38%
58 21/22 Udinese Calcio Atlético Madrid 35 000 000 € Rodrigo de Paul
38%
70 02/03 Lazio Rome AC Milan 31 000 000 € Alessandro Nesta
37%
48 18/19 Lazio Rome West Ham United 38 000 000 € Felipe Anderson
37%
74 16/17 Juventus Turin Real Madrid 30 000 000 € Alvaro Morata
35%
34 18/19 UC Sampdoria AS Rome 42 000 000 € Patrick Schick
35%
93 20/21 AS Rome Bayer Leverkusen 26 500 000 € Patrick Schick
35%
55 00/01 ACF Fiorentina AS Rome 36 150 000 € Gabriel Batistuta
34%
73 17/18 Lazio Rome AS Monaco 30 000 000 € Keita Baldé
34%
60 18/19 Genoa CFC AC Milan 35 000 000 € Krzysztof Piatek
32%
83 14/15 AS Rome Bayern Munich 28 000 000 € Medhi Benatia
31%
68 17/18 Atalanta BC Inter Milan 31 100 000 € Alessandro Bastoni
30%
43 17/18 ACF Fiorentina Juventus Turin 40 000 000 € Federico Bernardeschi
30%
82 25/26 ACF Fiorentina Juventus Turin 28 100 000 € Nico Gonzalez
30%
57 24/25 Torino FC SSC Naples 35 000 000 € Alessandro Buongiorno
29%
69 14/15 ACF Fiorentina Chelsea FC 31 000 000 € Juan Cuadrado
27%
56 19/20 AS Rome SSC Naples 36 000 000 € Konstantinos Manolas
27%
90 23/24 US Sassuolo SSC Naples 27 000 000 € Giacomo Raspadori
26%
49 18/19 AS Rome Inter Milan 38 000 000 € Radja Nainggolan
25%
61 17/18 AS Rome Chelsea FC 35 000 000 € Antonio Rüdiger
24%
84 09/10 Genoa CFC Inter Milan 28 000 000 € Diego Milito
23%
51 18/19 Juventus Turin AC Milan 37 740 000 € Mattia Caldara
23%
72 23/24 AS Rome Al-Ahli 30 000 000 € Roger Ibanez
23%
96 19/20 Udinese Calcio SSC Naples 26 000 000 € Alex Meret
20%
64 19/20 Atalanta BC AC Milan 32 000 000 € Franck Kessié
20%
97 13/14 ACF Fiorentina Manchester City 26 000 000 € Stevan Jovetic
20%
80 18/19 UC Sampdoria Arsenal FC 28 650 000 € Lucas Torreira
19%
89 22/23 Lazio Rome Inter Milan 27 300 000 € Joaquin Correa
18%
85 04/05 AS Rome Juventus Turin 28 000 000 € Emerson
17%
100 23/24 US Sassuolo AFC Bournemouth 25 620 000 € Hamed Junior Traoré
17%
78 19/20 Juventus Turin AS Rome 29 500 000 € Leonardo Spinazzola
16%
92 21/22 Hellas Verone AS Rome 26 500 000 € Marash Kumbulla
16%
88 22/23 Atalanta BC Inter Milan 27 400 000 € Robin Gosens
16%
75 13/14 AS Rome Tottenham Hotspur 30 000 000 € Erik Lamela
15%
86 99/00 Udinese Calcio AC Parme 28 000 000 € Marcio Amoroso
13%
95 20/21 Genoa CFC Juventus Turin 26 000 000 € Nicolo Rovella
11%
81 01/02 AS Rome AC Parme 28 400 000 € Hidetoshi Nakata
9%
94 01/02 ACF Fiorentina Inter Milan 26 500 000 € Francesco Toldo
6%
Aucun quiz correspondant
Distribution des résultats
% des personnes avec chaque résultat
Percentile par nombre de réponses
Votre historique - résultats
Vous n’avez pas pris ce quiz depuis la dernière actualisation